[Event "Moscow Time of the First U15"]
[Site "Moscow"]
[Date "2019.06.22"]
[Round "8"]
[White "Listov, Tikhon"]
[Black "Solozhenkin, Sevastyan"]
[Result "1-0"]
[WhiteElo "1333"]
[BlackElo "1677"]
[PlyCount "119"]
[EventDate "2019.06.17"]
[EventType "swiss"]
[EventRounds "9"]
[EventCountry "RUS"]
[SourceTitle "EXT 2021"]
[Source "ChessBase"]
[SourceDate "2020.10.23"]
[SourceVersion "1"]
[SourceVersionDate "2020.10.23"]
[SourceQuality "1"]

1. e4 e6 2. d4 d5 3. e5 c5 4. c3 Qb6 5. a3 c4 6. Nd2 Nc6 7. b3 cxb3 8. Qxb3 Qc7 9. Bd3 Bd7 10. Ne2 Nge7 11. 0-0 Na5 12. Qc2 b5 13. Nb3 Nxb3 14. Qxb3 a6 15. Bc2 Nc6 16. Qb1 Rb8 17. Bxh7 Qd8 18. g3 Na5 19. h4 Be7 20. Kg2 Qc8 21. Bg5 Nc4 22. Bxe7 Kxe7 23. Qc2 g6 24. Bxg6 fxg6 25. Qxg6 Qg8 26. Qf6+ Ke8 27. Nf4 Qf8 28. Qxf8+ Rxf8 29. h5 Rh8 30. Rh1 Kf7 31. g4 Rbg8 32. f3 Rh6 33. Kf2 Be8 34. Nd3 Ke7 35. Ke2 Kd8 36. Nf2 Na5 37. f4 Nc6 38. Rh2 Ne7 39. Rah1 Rgh8 40. Nd3 Kc7 41. Nc1 R8h7 42. Kf3 Bg6 43. Ke3 Nc6 44. Ne2 Be4 45. Rg1 Na5 46. Ng3 Nc4+ 47. Ke2 Nxa3 48. g5 Rg6 49. Nxe4 dxe4 50. Ke3 Rg8 51. g6 Rhh8 52. h6 Nc4+ 53. Kxe4 Nb6 54. g7 Rh7 55. Rg6 Kd7 56. f5 exf5+ 57. Kxf5 Nd5 58. Rd6+ Ke7 59. Rxd5 Kf7 60. Rd7+ 1-0

[Event "Moscow Time of the First U15"]
[Site "Moscow"]
[Date "2019.06.18"]
[Round "3"]
[White "Chesnokov, Danila"]
[Black "Listov, Tikhon"]
[Result "0-1"]
[WhiteElo "1046"]
[BlackElo "1333"]
[PlyCount "38"]
[EventDate "2019.06.17"]
[EventType "swiss"]
[EventRounds "9"]
[EventCountry "RUS"]
[SourceTitle "EXT 2021"]
[Source "ChessBase"]
[SourceDate "2020.10.23"]
[SourceVersion "1"]
[SourceVersionDate "2020.10.23"]
[SourceQuality "1"]

1. e4 e5 2. Nf3 Nc6 3. Bc4 Nf6 4. Ng5 d5 5. exd5 Nd4 6. c3 Nf5 7. 0-0 Bc5 8. b4 Bd6 9. Qe2 0-0 10. d3 h6 11. Ne4 a6 12. a4 Re8 13. Na3 Be7 14. Nc2 Nxd5 15. Bxd5 Qxd5 16. Qf3 Qd8 17. Be3 Qxd3 18. Na3 Nh4 19. Qg3 Qxe4 0-1